Представление документа в формате RUSMARC

ПолеНазваниеЗначение
  Тип записи a
  Библиографический уровень m
001 Контрольный номер RU\bookru\bibl\908949
003 Постоянный идентификатор записи http://www.book.ru/book/908949
005 Дата корректировки 20161026111805.5
010 Индекс ISBN __
a ISBN 978-5-91460-035-5
100 Данные общей обработки 0_
a Данные общей обработки 20130201d2010 mk y0rusy50 ca
101 Язык документа 0_
a Язык текста Русский
102 Страна публикации __
a Страна публикации RU
105 Кодированные данные (монография) __
a Кодированные данные (монография) y ||||000yy
200 Заглавие и сведения об ответственности 1_
a Заглавие Этногеографические факторы глобализации и регионализации мира
210 Выходные данные __
a Место издания Москва
c Издательство АНО "ИПЭВ"
d Дата издания 2010
215 Физическое описание __
a Объем 179
330 Аннотация __
a Аннотация Показано определяющее значение этногеографических факторов в развитии региональных и глобальных территориально-политических процессов, которые в обобщённом виде рассмотрены как глобализационные процессы. Книга может быть полезна при определении перспективного направления развития государства, для обоснования эффективной внутренней региональной и межнациональной политики и для упрочнения связей с потенциальными и реальными союзниками с целью сохранения и укрепления суверенитета страны; в научном плане для обоснования общественно-географической сущности глобализации и промежуточной роли регионализации в процессе унификации этносферы; в применении методики определения межэтнической напряженности с целью выявления потенциальных зон (регионов) межэтнической напряженности и разработке соответствующих рекомендаций для их локализации и предотвращения межэтнических конфликтов; в осуществлении мониторинга по отдельным регионам страны и мира в целом с целью выявления и предотвращения потенциальных очагов межэтнических конфликтов, укрепления государственности и успешного противостояния пагубным воздействиям глобализации.
606 Тематические рубрики __
a Основная рубрика Внешняя политика. Международные отношения
2 Код системы local
608 Указатель предметных рубрик __
a Жанр/форма Монография
2 Код системы local
675 Индекс УДК __
a Индекс УДК 316.347
z Язык издания rus
686 Индексы других классификаций __
a Классификационный индекс 60.54
2 Код системы rubbk
700 Автор _1
a Фамилия Асаул А.Н., Джаман М.А., Шуканов П.В.
801 Источник записи _1
a Страна RU
b Организация book_ru
c Дата составления 20130201
g Правила каталогизации RCR
856 Электронный адрес документа 4_
u Универсальный указатель ресурса (URL) http://www.book.ru/book/908949
951 __
a http://www.book.ru/book/908949